1984 1516 1698 1623 1344 1893 1304 1869 1765 1138 1033 1507 1353 1893 1110 1855 1919 1735 1106 1450 1176 1961 1718 1213 1616 1588 1086 1919 1874 1773 1562 1077 1998 1096 1169 1555 1889 1826 1344 1089 1390 1608 1773 1917 1337 1629 1316 1380 1519 1417 1022 1034 1487 1517 1899 1791 1284 1765 1927 1702 1371 1164 1038 1000 1020 1246 1389 1955 1139 1709 1079 1327 1899 1420 1773 1089 1453 1831 1798 1049 1248 1862 1575 1514 1288 1753 1722 1732 1171 1446 1273 1088 1789 1219 1750 1404 1563 1635 1082 BCNSPRNW ULIB Ver.6.0+V

เปลี่ยนเป็นภาษาไทย

Change to English
 แสดงรายละเอียดบรรณานุกรม
  กลับหน้าหลัก

Brief Record : Get Marc (ISO 2709) : E-mail record : QR code < ปิดหน้าต่าง
LEADER : 00000nam 2200000uu 4500
001    13399109281
003     ULIB
008    110327s2552||||th 000 0 tha d
020    9786117183089
060 04 WA465^bก173พ 2552
100 0  กรรนิการ์ ฉัตรสันติประภา
245 10 พิษวิทยาของสารเคมีทางอุตสาหกรรม =^bToxicology ofindustrial chemicals /^cโดย กรรนิการ์ ฉัตรสันติประภา
246 31 Toxicology of industrial chemicals
250    พิมพ์ครั้งที่ 1
260    ขอนแก่น :^bภาควิชาพิษวิทยา คณะเภสัชศาสตร์มหาวิทยาลัยขอนแก่น,^c2552
300    186 หน้า ;^bภาพประกอบ ;^c30 ซม.
536    ได้รับทุนสนับสนุนการผลิตตำรา มหาวิทยาลัยขอนแก่น พ.ศ. 2549ลำดับที่ 1
650  7 พิษวิทยา
650  7 พิษวิทยาอุตสาหการ
650  7 สารเคมี
710 2  มหาวิทยาลัยขอนแก่น. ^bคณะเภสัชศาสตร์. ^bภาควิชาพิษวิทยา
945    ^p210^l0^i028941
945    ^p210^l0^i028293
995    ทศพร
999 ^a ใช้งานได้ทุกระบบ
รายการนี้ยังไม่มีแท็ก
คุณยังไม่ได้ล็อกอิน คุณสามารถมีกิจกรรมร่วมกับเว็บไซต์ได้ แต่ต้องล็อกอินก่อน ::
  ล็อกอิน

รายการสื่อสารสนเทศ

ลำดับที่ ประเภท เลขเรียก/บาร์โค้ด สถานที่ สถานะ
- ไม่พบข้อมูล -

รายการใกล้เคียง
    หัวเรื่อง [พิษวิทยา]
    หัวเรื่อง [สารเคมี]

BibComment


ยังไม่เคยถูกคอมเมนท์

คอมเมนท์ทรัพยากรรายการนี้
  คอมเมนท์: พิษวิทยาของสารเคม..


 Copyright 2026. Bcnsprnw @Library